000 01031cam a2200289 i 4500
001 62502
003 Mx-PuUPA
005 20230318112236.0
008 150430s1997 mx a fr 001 0 spa|d
040 _aMx-PuUPA
_bspa
_cMx-PuUPA
_dMx-PuUPA
_erda
041 0 _aspa
100 1 _aFrías y Camacho, Ignacio R.
_eautor
_9396
245 1 0 _aSemblanza y realidad a través de la Santísima Virgen del pueblito /
_cIgnacio R. Frías y Camacho.
250 _a1a. edición
264 1 _aSantiago de Querétaro, Querétaro :
_b[Editor no identificado],
_c1997
300 _a99 páginas :
_bilustraciones (principalmente color) ;
_c23 cm
336 _atexto
_2rdacontent
_btxt
337 _asin medio
_2rdamedia
_bn
338 _avolumen
_2rdacarrier
_bnc
490 0 _aColección: Claudio Verrey
600 0 4 _aVirgen María
_xApariciones y milagros
600 0 4 _aVirgen María
_xCulto
650 7 _aReligión
_xHistoria
_2armarc
942 _2ddc
_cLI
_h232.91
_iF897
999 _c62502
_d62502